| 000 | 01096cam a2200337 4500 | ||
|---|---|---|---|
| 001 | 20088 | ||
| 003 | CZ PrNK | ||
| 005 | 20260115155603.0 | ||
| 007 | tu | ||
| 008 | 960321s1988 xo a e 000 0 slo | ||
| 020 | _q(Brož.) | ||
| 040 |
_aABA001 _bcze _cABA001 _dABA001 |
||
| 043 | _ae-xo--- | ||
| 045 | _aw6x8 | ||
| 072 | 7 |
_a061.2 _xNevládní organizace a kooperace _2Konspekt |
|
| 080 |
_a061.2 Maticeslovenská(437.6-2Martin)(036:084.1)=854 _2undef |
||
| 100 | 1 |
_aMruškovič, Viliam, _d1940-2020 _4com |
|
| 245 | 1 | 0 |
_aMatica Slovenská : _bsprievodca / _czostavil Viliam Mruškovič |
| 250 | _a1. vyd. | ||
| 260 |
_aMartin : _bMatica slovenská, _c1988 |
||
| 300 |
_a141 s. : _bil. ; _c19 cm |
||
| 490 | 1 | _aMetodika a propagácia. Séria Jubileá | |
| 504 | _aBibliografie na konci knihy | ||
| 610 | 2 | 7 |
_aMatica slovenská _2czenas |
| 651 | 7 |
_aSlovensko _xkultura a společnost _2czenas |
|
| 655 | 7 |
_afotografické publikace _2czenas |
|
| 655 | 7 |
_ainformační publikace _2czenas |
|
| 830 | 0 |
_aMetodika a propagácia. _pSéria Jubileá |
|
| 910 | _aABA001 | ||
| 942 |
_2ddc _cOLDO _n0 |
||
| 999 |
_c20088 _d20088 |
||